=LDR 00000nam 2200000 4500 =001 INLIS000000000036848 =005 20200916015542 =035 ##$$a 0010-061300000036848 =008 200916################g##########0#ind## =041 ##$$a Ind =082 ##$$a 2x5.4 =090 ##$$a 2x5.4, Sya d =100 ##$$a Sya'rawi, M. Mutawalli =245 1#$$a Doa yang dikabulkan /$c M. Mutawalli Sya'rawi =260 ##$$a 2009 :$b Jakarta =300 ##$$a xi, 146 hlm, ; $c 17 x 12 cm. =650 #4$$a Doa dan zikir =850 ##$$a NBPNMAT =084 ##$$a 2x5.4 SYA d =990 ##$$a 30501556